00756nam a2200193 a 4500001001000000005001700010008004100027020001500068040001800083050002100101245007600122260004000198300004200238500011700280504003200397650004600429650006000475700002700535BRCA_125620190320203342.0920122s1984 mx-a---##b---#000-0#spa-d a9682902851 aDLCcDLCdDLC 4aND635b.P56 198410aPintura y tapices flamencosctextos Graciela Reyes Retana ... [et al.]. aMéxicobMuseo de San Carlosc1984 a180 p.bil. (algunas a color)c22 cm. aCatálogo de la exposición realizada en el Museo de San Carlos (Ciudad de México), junio - septiembre, 1984 aBibliografía : p. 176-17914aPintura flamencavExposicionesySiglo XVI14aTapiceríavExposicionesxHistoriaySiglo XVIzFlandes1 aReyes Retana, Graciela